A mezőgazdasági haszonbérletekről szóló 1400/1932. M. E. számú rendeletre vonatkozó birói gyakorlat

Elmentve itt :
Bibliográfiai részletek
Szerző: Szűcs Kálmán
Dokumentumtípus: Cikk
Megjelent: 1935
Sorozat:Polgári jog : a hazai és külföldi magánjog és hiteljog szemléje 11
Kulcsszavak:Igazságszolgáltatás bírói gyakorlat, Kötelmi jog haszonbérlet mezőgazdasági
Online Access:http://misc.bibl.u-szeged.hu/15663
LEADER 00759nab a2200169 i 4500
001 misc15663
005 20191106142245.0
008 170607s1935 hu o 0|| hun d
040 |a SZTE Miscellanea Repozitórium  |b hun 
041 |a hun 
100 1 |a Szűcs Kálmán 
245 1 2 |a A mezőgazdasági haszonbérletekről szóló 1400/1932. M. E. számú rendeletre vonatkozó birói gyakorlat  |h [elektronikus dokumentum] /  |c tunyoghi Szűcs Kálmán 
260 |c 1935 
300 |a 205-212a 
490 0 |a Polgári jog : a hazai és külföldi magánjog és hiteljog szemléje  |v 11 
695 |a Igazságszolgáltatás bírói gyakorlat, Kötelmi jog haszonbérlet mezőgazdasági 
856 4 0 |u http://misc.bibl.u-szeged.hu/15663/1/polgari_jog_1935_205-212a.pdf  |z Dokumentum-elérés